00304nam a2200097Ia 45000010005000000080041000050820027000461000072000732450035001452600026001802414241024s9999 xx 000 0 und d aRD/500/D346i/2010-2012 aDelegación Permanente de la República Dominicana ante la UNESCO 0aInforme de Gestión 2010-2012 bAmigo del Hogarc2012